=LDR 00000nam 2200000 4500 =001 INLIS000000000026928 =005 20130612125336 =008 ***********************************Ind** =035 ##$$a0010-061300000026928 =041 ##$$a Ind =082 ##$$a 745.5 =090 ##$$a 745.5, Rah m =100 ##$$a Rahayu, Endah S =245 ##$$a Membuat kreasi fungsional dari kain flanel, memanfaatkan waktu luang, Endah S Rahayu ; penyunting, Fuad Izzudin =260 ##$$a 2004 $b Jakarta =300 ##$$a viii, 70 hlm, ilus, 23 cm =650 ##$$a Kerajinan - flanel =700 ##$$a Izzudin, Fuad =850 ##$$a NBPNMAT =990 ##$$a 93940/BPAP-NTB/2014